Регионална библиотека "Любен Каравелов" - Русе

Антибиотики и их практическое использование (Запис номер 414631)

MARC детайли
000 -Лидер
Контролно поле с фиксирана дължина nam a22 a 4500
003 - Код на организацията, давaща контролен номер
Контролно поле BLK
005 - Дата и час на последна редакция
Контролно поле 20210518071231.0
008 - Елементи от данни с фиксирана дължина
fixed length control field 210514b bu |||||r|||| 00| | bu d
040 ## - Източник на каталожния запис
Идентификатор на билиотеката - собственик на записа BLK
041 ## - Код за език
Код за езика на текст/звукозапис или на отделно заглавие Руски
Код за езика КДБФ Руски
080 ## - УДК
УДК код - определител по УДК 615.33
УДК - код + определител 615.33
100 ## - Редна дума - Автор
R(LIN) 1299
Автор Кашкин, Павел Николаевич
Авторска отговорност първи автор
139 ## - Редно поле
Редна дума Кашкин, Павел Николаевич
245 ## - Сведения за заглавието
Заглавие Антибиотики и их практическое использование
Редно поле (дума) П.Н. Кашкин
260 ## - Област на издателските данни
9 (RLIN) 450579
Място на издаване, разпространение и проч. Ленинград
Име на издателя, разпространителя и проч. Медгиз, Ленингр. отд-ние
Година на издаване 1952
300 ## - Физическа характеристика
Страници 251 с.
Илюстрации и др. с ил.
Размери/Мащаб 23 см
380 ## - Жанр
Жанр Медицина
504 ## - Забележка за наличие на библиография и др
Забележка за наличие на библиография и под. Библиогр.: с. 228-30
650 #7 - Допълнително описание по предмет – тема
9 (RLIN) 147219
Основно описание – тема или топоним Антибиотици - приложение
852 ## - Местоположение
Форматна сигнатура Цб 6.225.39825
Фондова буква Основен фонд - ползва се само за читалня
999 ## - СИСТЕМНИ КОНТРОЛНИ НОМЕРА
Koha biblionumber 414631
Koha biblioitemnumber 414631
942 ## - АРТИКУЛИ
Вид на библиотечния материал Книги
Скрит в OPAC Не
Периодичен библиозапис Да
944 ## - СЪЗДАВАНЕ И РЕДАКЦИЯ на ЗАПИСА
Създаване/Редакция Създаване
Дата на регистрацията/редакция 2021-05-18
Служител, извършил регистрацията/редакцията К.Д.
Наличности
Код за отписване Код за изгубен артикул Източник на класификационната схема Код за повреда Коз за рестрикции Код за отдаване Артикулен № Име на библиотеката - собственик Име на библиотеката, в която се намира в момента Статус (Текущо местоположение) Дата на вписване в системата Местоположение - отдел Цена в лева Инвентарен номер Систематично азбучна сигнатура Баркод Цена в евро Служебен тип на артикула
  Не е изгубен Universal Decimal Classification Не е повреден само за читалня ползва се в читалня 831867 Регионална библиотека "Любен Каравелов" Русе Регионална библиотека "Любен Каравелов" Русе Хранилище 2021-05-21 Основен фонд - ползва се само за читалня 0.20 39825 Цб 6.225.39825 900000060375 0.10 Книги
Vip Innovations Ltd, Rousse, Bulgaria 2025